Normal view
MARC view
Entry Personal Name
001 - CONTROL NUMBER
- control field: 56240
003 - CONTROL NUMBER IDENTIFIER
- control field: OSt
005 - DATE AND TIME OF LATEST TRANSACTION
- control field: 20250821150610.0
008 - FIXED-LENGTH DATA ELEMENTS
- fixed length control field: 250821|| aca||aabn | a|a d
040 ## - CATALOGING SOURCE
- Original cataloging agency: OSt
- Transcribing agency: OSt
100 ## - HEADING--PERSONAL NAME
- Personal name: McCrea, Austin M.
670 ## - SOURCE DATA FOUND
- Source citation: Work cat.: (OSt): McCrea, Austin M., Impatiently waiting: Women managers, professionalism, psychological costs, and the reduction of ER wait times
